Les films produits et distribués par Warner Bros depuis 1999 - Statistiques

Statistiques générales
  • Ce quiz a été pris 11 fois
  • Le résultat moyen est 35 sur 381
Statistiques - réponses
Année de production Réalisateur Réponse % Correct
1999 Les Wachowski Matrix
89%
2005 Christopher Nolan Batman Begins
67%
2004 Clint Eastwood Million Dollar Baby
67%
2006 Greg Beeman Aquaman
56%
2018 James Wan Aquaman
56%
2014 Christopher Nolan Interstellar
56%
2019 Todd Philipps Joker
56%
2017 Zack Snyder Justice League
56%
2013 Zack Snyder Man of Steel
56%
2003 Les Wachowski Matrix Reloaded
56%
2020 Cathy Yan Birds of Prey
44%
2017 Andrés Muschietti Ça
44%
2005 Tim Burton Charlie et la Chocolaterie
44%
2013 Alfonso Cuarón Gravity
44%
2001 Chris Columbus Harry Potter à l'école des sorciers
44%
2002 Chris Columbus Harry Potter et la chambre des secrets
44%
2005 Mike Newell Harry Potter et la coupe de feu
44%
2004 Alfonso Cuarón Harry Potter et le prisonnier d'Azkaban
44%
2010 David Yates Harry Potter et les Reliques de la Mort: Partie 1
44%
2011 David Yates Harry Potter et les Reliques de la Mort : Partie 2
44%
2007 David Yates Harry Potter et l'ordre du phénix
44%
2012 Peter Jackson Le Hobbit : Un voyage inattendu
44%
2016 David Yates Les Animaux Fantastiques
44%
2016 David Ayer Suicide Squad
44%
2021 James Gunn The Suicide Squad
44%
2017 Patty Jenkins Wonder Woman
44%
2014 John R. Leonetti Annabelle
33%
2012 Ben Affleck Argo
33%
2018 Bradley Cooper A Star is Born
33%
2016 Zack Snyder Batman v Superman : L'Aube de la Justice
33%
2016 James Wan Conjuring 2 : Le Cas Enfield
33%
2013 James Wan Conjuring : Les Dossiers Warren
33%
2021 Denis Villeneuve Dune
33%
2017 Christopher Nolan Dunkerque
33%
1999 Stanley Kubrick Eyes Wide Shut
33%
2014 Gareth Edwards Godzilla
33%
2019 Michael Dougherty Godzilla 2: Roi des monstres
33%
2021 Adam Wingard Godzilla vs Kong
33%
2009 David Yates Harry Potter et le prince de sang-mêlé
33%
2007 Francis Lawrence Je suis une légende
33%
2017 Jordan Vogt-Roberts Kong: Skull Island
33%
1999 Frank Darabont La ligne verte
33%
2018 Corin Hardy La Nonne
33%
2014 Peter Jackson Le Hobbit : La Bataille des Cinq Armées
33%
2013 Peter Jackson Le Hobbit : La Désolation de Smaug
33%
2018 David Yates Les Animaux Fantastiques: Les crimes de Grindelwald
33%
2003 Les Wachowski Matrix Revolutions
33%
2001 Steven Soderbergh Ocean's Eleven
33%
2007 Steven Soderbergh Ocean's Thirteen
33%
2004 Steven Soderbergh Ocean's Twelve
33%
2013 Guillermo del Toro Pacific Rim
33%
2019 David F. Sandberg Shazam!
33%
2001 John Whitesell Spot
33%
2020 Christopher Nolan Tenet
33%
2008 Chistopher Nolan The Dark Knight : Le Chevalier noir
33%
2009 Zack Snyder Watchmen
33%
2009 Mike Smith Watchmen : Les Contes du vaisseau noir
33%
2020 Patty Jenkins Wonder Woman 1984
33%
2006 Zack Snyder 300
22%
2014 Clint Eastwood American Sniper
22%
2019 Gary Dauberman Annabelle: La Maison du Mal
22%
2004 Martin Scorsese Aviator
22%
2017 Denis Villeneuve Blade Runner 2049
22%
2019 Andrés Muschietti Ça : Chapitre 2
22%
2004 Pitof Catwoman
22%
2021 Michael Chaves Conjuring : Sous l'emprise du Diable
22%
2011 Martin Campbell Green Lantern
22%
2013 Spike Jonze Her
22%
2019 Michael Chaves La Malédiction de la Dame Blanche
22%
2018 Clint Eastwood La Mule
22%
2014 David Dobkin Le Juge
22%
2004 Robert Zemeckis Le Pôle Express
22%
2006 Christopher Nolan Le Prestige
22%
2021 James Wan Malignant
22%
2021 Lana Wachowski Matrix 4
22%
2018 Steven Spielberg Ready Player One
22%
2020 Tony Cervone Scooby!
22%
2012 Christopher Nolan The Dark Knight Rises
22%
2018 Roar Uthaug Tomb Raider
22%
2009 Todd Philipps Very Bad Trip
22%
2013 Todd Philipps Very Bad Trip 3
22%
2007 David Fincher Zodiac
22%
2015 Guy Ritchie Agents très spéciaux: Code UNCLE
11%
2001 Steven Spielberg A.I. Intelligence artificielle
11%
2017 David F. Sandberg Annabelle 2: La Création du mal
11%
2015 Ron Howard Au cœur de l'océan
11%
2016 Thea Sharrock Avant toi
11%
2012 Les Wachowski Cloud Atlas
11%
2015 Ryan Coogler Creed : L'Héritage de Rocky Balboa
11%
2016 David F. Sandberg Dans le noir
11%
2012 Tim Burton Dark Shadows
11%
2015 Glenn Ficarra et John Requa Diversion
11%
2019 Mike Flanagan Doctor Sleep
11%
2005 Carroll Ballard Duma
11%
2014 Doug Liman Edge of Tomorrow
11%
2018 Jon Turteltaub En eaux troubles
11%
2013 Baz Luhrmann Gatsby le Magnifique
11%
2006 George Miller Happy Feet
11%
2009 Clint Eastwood Invictus
11%
2021 Shaka King Judas and the black Messiah
11%
2006 Robert Duncan McNeill Jump
11%
2015 Les Wachowski Jupiter : Le Destin de l'univers
11%
2014 Chris Miller et Phil Lord La Grande Aventure Lego
11%
2003 Edward Zwick Le dernier samouraï
11%
2017 Chris McKay Lego Batman, le film
11%
2015 Nancy Meyers Le nouveau stagiaire
11%
2017 Guy Ritchie Le Roi Arthur : La Légende d'Excalibur
11%
2010 Zack Snyder Le Royaume de Ga'hoole
11%
2005 Tim Burton et Mike Johnson Les noces funèbres
11%
2016 Ben Affleck Live by night
11%
2017 Ben Affleck Live by night
11%
2015 George Miller Mad Max: Fury Road
11%
2021 Simon McQuoid Mortal Kombat
11%
2016 Gavin O'Connor Mr. Wolff
11%
2015 Jaume Collet-Serra Night Run
11%
2018 Gary Ross Ocean's 8
11%
2019 Rob Letterman Pokémon: Détective Pikachu
11%
2006 Wolfgang Petersen Poséidon
11%
2013 Denis Villeneuve Prisoners
11%
2020 Robert Zemeckis Sacrées Sorcières
11%
2015 Brad Peyton San Andreas
11%
2011 Jaume Collet-Serra Sans Identité
11%
2002 Raja Gosnell Scooby-Doo
11%
2004 Raja Gosnell Scooby-Doo 2 : Les monstres se déchaînent
11%
2021 Malcolm D. Lee Space Jam : Nouvelle ère
11%
2011 Zack Snyder Sucker Punch
11%
2016 Clint Eastwood Sully
11%
2007 Tim Burton Sweeney Todd : Le Diabolique Barbier de Fleet Street
11%
2005 Stephen Gaghan Syriana
11%
2016 David Yates Tarzan
11%
2010 David Dobkin The Flash
11%
2021 John Lee Hancock Une affaire de détails
11%
2016 Todd Philipps War Dogs
11%
2008 Roland Emmerich 10000
0%
2001 Steve Beck 13 fantômes
0%
2014 Noam Murro 300: La Naissance d'un empire
0%
2013 Brian Helgeland 42
0%
2008 David M. Evans Ace Ventura Jr.
0%
2016 Rawson Marshall Thurber Agents presque secrets
0%
2004 Oliver Stone Alexandre
0%
2006 Jonny Campbell Alien Autopsy
0%
2020 Brandon Trost An American Pickle
0%
2010 Matthijs van Heijningen Jr. Army of the Dead
0%
2007 Kirsten Sheridan August Rush
0%
2016 Malcolm D. Lee Barbershop: The Next Cut
0%
2015 Dana Nachman Batkid Begins
0%
2003 Curt Geda et Tim Maltby Batman - la Mystérieuse Batwoman
0%
2000 Roger Christian Battlefield Earth
0%
2006 Jay Chandrasekhar Beerfest
0%
2002 Anthony et Joe Russo Bienvenue à Collinwood
0%
2014 Steven Quale Black Storm
0%
2006 Edward Zwick Blood Diamond
0%
2001 David Mamet Braquages
0%
2002 Barbet Schroeder Calculs meurtriers
0%
2003 Dennie Gordon Ce dont rêvent les filles
0%
2016 Christian Ditter Célibataire, mode d'emploi
0%
2009 Nikhil Advani Chandni Chowk to China
0%
2004 Mark Rosman Charlie 2
0%
2020 Angel Manuel Soto Charm City Kings
0%
2012 Bradley Parker Chroniques de Tchernobyl
0%
2016 Nicholas Stoller et Doug Sweetland Cigognes et Cie
0%
2004 Robert C. Ramirez Clifford et ses amis acrobates
0%
2016 David Frankel Collateral Beauty
0%
2001 Lawrence Guterman Comme chiens et chats
0%
2014 Chris Renaud Comme des bêtes
0%
2014 Sean Anders Comment tuer mon boss 2
0%
2011 Robert Schwentke Conspiracy of Fools
0%
2005 Francis Lawrence Constantine
0%
2018 Jon Chu Crazy Rich Asians
0%
2002 Clint Eastwood Créance de sang
0%
2018 Steven Caple Jr. Creed 2
0%
2002 Danny DeVito Crève, Smoochy, crève!
0%
2004 Gregory Jacobs Criminal
0%
2010 Todd Philipps Date Limite
0%
2006 Howard Hall Deep Sea
0%
2001 Demian Lichtenstein Destination: Graceland
0%
2002 Andrew Davis Dommage collatéral
0%
2018 Til Schweiger Du miel plein le tête
0%
2013 Walter Hill Du plomb dans la tête
0%
1999 Juan José Campanella El mismo amor, la misma lluvia
0%
2021 Baz Luhrmann Elvis
0%
2006 Paul Feig Enfants non accompagnés
0%
2000 Wolfgang Petersen En pleine tempête
0%
2015 Etan Cohen En taule : Mode d'emploi
0%
2015 Doug Ellin Entourage
0%
2009 Jaume Collet-Serra Esther
0%
2003 Andy Jones, Mahiro Maeda, Shinichirō Watanabe, Yoshiaki Kawajiri, Takeshi Koike, Kōji Morimoto et Peter Chung Famille recomposée
0%
2014 Frank Coraci Famille recomposée
0%
2000 Davis Guggenheim Fausses rumeurs
0%
2006 Richard Loncraine Firewall
0%
2007 David Dobkin Frère Noël
0%
2013 Ruben Fleischer Gangster Squad
0%
2008 P.J. Pesce Génération perdue 2
0%
2013 Courtney Solomon Getaway
0%
2002 James McAvoy Gnoméo et Juliette
0%
2003 Mathieu Kassovitz Gothika
0%
2011 Noam Murro Hateship, Friendship, Courtship
0%
2015 Anne Fletcher Hot Pursuit
0%
2001 Michael Tollin Hot summer
0%
2010 Scott Derrickson Hyperion Cantos
0%
2014 Paul Thomas Anderson Inherent Vice
0%
2021 Jon Chu In the Heights
0%
2007 Oliver Hirschbiegel Invasion
0%
2013 Bryan Singer Jack le chasseur de géants
0%
2005 Michael J. Sheridan James Dean : Forever Young
0%
2014 Clint Eastwood Jersey Boys
0%
2012 Todd Graff Joyful Noise
0%
2016 Peter Atencio Keanu
0%
2021 Reinaldo Marcus Green King Richard
0%
2005 Shane Black Kiss Kiss Bang Bang
0%
2012 Jonathan Liebesman La colère des Titans
0%
2019 Ferzan Özpetek La dea fortuna
0%
2019 Mike Metchell La Grande Aventure Lego 2
0%
2006 M. Night Shyamalan La Jeune fille de l'eau
0%
2007 Robert Zemeckis La Légende de Beowulf
0%
2002 Simon Wells La machine à explorer le temps
0%
2005 Gary David Goldberg La Main au collier
0%
2005 Jaume Collet-Serra La Maison de cire
0%
1999 William Malone La maison de l'horreur
0%
2002 Jake Kasdan La méthode zéro
0%
2015 Russell Crowe La Promesse d'une vie
0%
2002 Michael Rymer La reine des damnés
0%
2005 Rob Reiner La rumeur court...
0%
1999 Alejandro Gamboa La segunda noche
0%
2007 Andrew Dominik L'Assassinat de Jesse James par le lâche Robert Ford
0%
2002 Peter Kosminsky Laurier blanc
0%
2018 Clint Eastwood Le 15h17 pour Paris
0%
2011 Catherine Hardwicke Le Chaperon rouge
0%
2019 John Crowley Le Chardonneret
0%
2010 Louis Leterrier Le Choc des Titans
0%
2004 Joel Schumacher Le fantôme de l'opéra
0%
1999 Brad Bird Le géant de fer
0%
2017 Charlie Bean, Bob Logan et Paul Fisher Lego Ninjago, le film
0%
2007 Scott Hicks Le Goût de la vie
0%
1999 Oliver Stone L'enfer du dimanche
0%
2005 Niki Caro Le Petit Dinosaure et la Vallée des merveilles
0%
2015 Patricia Riggen Les 33
0%
2003 Ridley Scott Les associés
0%
2001 Uli Edel Les brumes d'Avalon
0%
2007 Stephen Hopkins Les Châtiments
0%
2006 Martin Scorsese Les Inflitrés
0%
2003 Joe Dante Les Looney Tunes passent à l'action
0%
2013 Rawson Marshall Thurber Les Miller, une famille en herbe
0%
2000 Howard Deutch Les remplaçants
0%
1999 David O. Russell Les Rois du désert
0%
2002 Craig McCracken Les Supers Nanas, le film
0%
2002 Adam Shankman Le Temps d'un automne
0%
2008 David Fincher L'Étrange histoire de Benjamin Button
0%
2003 John Whitesell Le Truand de Malibu
0%
2020 Steven Soderbergh Let Them All Talk
0%
2006 Clint Eastwood Lettres d'Iwo Jima
0%
2002 Steve Beck Le vaisseau de l'angoisse
0%
2013 Don Scardino L'Incroyable Burt Wonderstone
0%
2014 Charles Martin Smith L'Incroyable Histoire de Winter le dauphin 2
0%
2003 Steve Belfer Looney Tunes : Reality Check
0%
2003 Steve Belfer Looney Tunes : Stranger Than Fiction
0%
2015 Ryan Gosling Lost River
0%
2006 John A. Davis Lucas, fourmi malgré lui
0%
2007 Curtis Hanson Lucky You
0%
2002 Harold Ramis Mafia blues 2- La rechute
0%
2002 Martyn Burke Mafia Love
0%
2012 Steven Soderbergh Magic Mike
0%
2015 Gregory Jacobs Magic Mike XXL
0%
2007 Tim Hamilton Mama's boy
0%
2013 Peter Segal Match retour
0%
2015 Boaz Yakin Max
0%
2009 Spike Jonze Max et les Maximonstres
0%
2008 Peter Segal Max la Menace
0%
2010 Alfonso Cuarón México '68
0%
2016 Jeff Nichols Midnight Special
0%
2007 Inés París Miguel y William
0%
2012 Jay Roach Moi, député
0%
2001 Jamie Blanks Mortelle Saint-Valentin
0%
2005 Ron Hughart ¡Mucha Lucha! : The Return of El Maléfico
0%
2003 Clint Eastwood Mystic River
0%
2007 Andrew Fleming Nancy Drew
0%
2004 Simon Wincer NASCAR 3D: The IMAX Experience
0%
2009 James McTeigue Ninja Assassin
0%
2006 Laurent Bouzereau North and the Music of the South
0%
2008 George C. Wolfe Nos nuits à Rodanthe
0%
2008 Eric Valette One Missed Call
0%
2001 Dominic Sena Opération Espadon
0%
2015 David Gordon Green Our Brand is Crisis
0%
2015 Joe Wright Pan
0%
2007 Ken Kwapis Permis de mariage
0%
1999 Renny Harlin Peur bleue
0%
2005 Ted Wass Play Dates
0%
2015 Ericson Core Point Break
0%
2006 Dan Haskett Porky and Daffy in the William Tell Overture
0%
2002 Neil LaBute Possession
0%
2012 Nima Nourizadeh Projet X
0%
2001 Scott Ziehl Proximity
0%
2008 Richard LaGravenese P.S. I Love You
0%
2005 Ken Kwapis Quatre filles et un jean
0%
2008 Sanaa Hamri et Christine A. Sacani Quatre filles et un jean 2
0%
2018 Brad Peyton Rampage : Hors de contrôle
0%
2001 Peter et Bobby Farrelly Rock-a-Doodle
0%
2012 Adam Shankman Rock Forever
0%
2001 Stephen Herek Rock Star
0%
2000 Andrzej Bartkowiak Roméo doit mourir
0%
2007 Rob Reiner Sans plus attendre
0%
2005 Joe Sichta Scooby-Doo au pays des pharaons
0%
2006 Chuck Sheetz Scooby-Doo et le Triangle des Bermudes
0%
2019 Tim Story Shaft
0%
2005 Jay Chandrasekhar Shérif, fais-moi peur
0%
2011 Guy Ritchie Sherlock Holmes : Jeu d'ombres
0%
2002 Tom Dey Showtime
0%
2014 R.J. Cutler Si je reste
0%
2009 Kurt Sutter SIS
0%
2004 Tricia Regan, David O. Russell et Juan Carlos Zaldívar Soldiers Pay
0%
1999 Trey Parker South Park, le film
0%
2000 Clint Eastwood Space Cowboys
0%
2008 Les Wachowski Speed Racer
0%
2009 Ryan Shiraki Spring Breakdown
0%
2001 Jan Harlan Stanley Kubrick: a life in pictures
0%
2003 Craig Ferguson Star de père en fille
0%
2004 Todd Philipps Starsky et Hutch
0%
2015 Scott Cooper Strickly Criminal
0%
2013 Richard LaGravenese Sublimes Créatures
0%
2020 Ben Falcone Superintelligence
0%
2006 Curt Geda Superman: Brainiac Attacks
0%
2006 Bryan Singer Superman Returns
0%
2001 Pat O'Connor Sweet November
0%
2004 D.J. Caruso Taking lives-Destins violés
0%
2014 Ben Falcone Tammy
0%
2018 Aaron Horvath et Peter Rida Michail Tenn Titans Go
0%
2012 Todd Lincoln The Apparition
0%
2011 Justin Reardon The Awakening of Jean-Luc Barbara
0%
2006 Robert Duncan McNeill The Danny Comden Project
0%
2019 Mary Haflinger The Doll Comes Home
0%
2010 Burr Steers The Fiance
0%
2006 Darren Aronofski The Fountain
0%
2015 Travis Cluff et Chris Lofing The Gallows
0%
2010 Guy Ritchie The Gamekeeper
0%
2006 Steven Soderbergh The Good German
0%
2014 Philippe Falardeau The Good Lie
0%
2010 Alfonso Cuarón The History of Love
0%
2010 Zack Snyder The Illustrated Man
0%
2009 Steven Soderbergh The Informant!
0%
2005 Michael Bay The island
0%
2010 Ridley Scott The Kind One
0%
2005 John Ingle The Land Before Time II: The Great Valley Adventure
0%
2009 Henry Anderson The Lost Tomb : A Neopets Adventure
0%
2012 Scott Hicks The Lucky One
0%
2021 Alan Taylor The Many Saints of Newark
0%
2010 Alfonso Cuarón The Memory of Running
0%
2016 Shane Black The Nice Guys
0%
2020 Gavin O'Connor The Way Back
0%
2011 Greg Berlanti This Is Where I Leave You
0%
2014 Shawn Levy This Is Where I Leave You
0%
2000 Karl Toerge, Charles Visser et James T. Walker Titi et le tour du monde en 80 chats
0%
2007 Kevin Munroe TMNT : Les Tortues Ninja
0%
2021 Tim Story Tom et Jerry
0%
2002 James T. Walker Tom et Jerry et l'Anneau Magique
0%
2004 Joseph Kahn Torque, la route s'enflamme
0%
2003 Nancy Meyers Tout peut arriver
0%
2001 Antoine Fuqua Training Day
0%
2014 Wally Pfister Transcendence
0%
2008 Michael Dougherty Trick 'r Treat
0%
2004 Wolfgang Petersen Troie
0%
2003 Johnnie To et Wai Ka-fai Turn Left, Turn Right
0%
2014 Akiva Goldsman Un amour d'hiver
0%
2009 Howard Hall Under the Sea 3D
0%
1999 Damon Santostefano Un de trop
0%
2004 Dennie Gordon Une journée à New York
0%
2012 Robert Lorenz Une Nouvelle Chance
0%
2000 Mimi Leder Un monde meilleur
0%
2020 Rachel Goldenberg Unpregnant
0%
2006 Alejandro Agresti VeggieTales in the House
0%
2014 Rob Thomas Veronica Mars
0%
2015 John Francis Daley et Jonathan Goldstein Vive les Vacances
0%
2012 Brad Peyton Voyage au centre de la Terre 2 : L'Île mystérieuse
0%
2006 McG We Are Marshall
0%
2015 Max Joseph We are your friends
0%
2019 Bruce Springsteen et Thom Zimny Western Stars
0%
2002 Steve Purcell When in Rome
0%
2009 Dominic Sena Whiteout
0%
1999 Barry Sonenfeld Wild Wild West
0%
2008 Peyton Reed Yes Man
0%
2018 Karey Kirkpatrick Yéti et Compagnie
0%
2006 Pamela Fryman You've Reached the Elliotts
0%
Aucun quiz correspondant
Distribution des résultats
% des personnes avec chaque résultat
Percentile par nombre de réponses
Votre historique - résultats
Vous n’avez pas pris ce quiz